La docencia universitaria mediante el enfoque del aula invertida (Registro nro. 4858)

Detalles MARC
000 -LEADER
fixed length control field 02473 a2200421 4500
001 - CONTROL NUMBER
control field 49492
005 - DATE AND TIME OF LATEST TRANSACTION
control field 20260407155758.0
008 - FIXED-LENGTH DATA ELEMENTS--GENERAL INFORMATION
fixed length control field 260407a2016 arg spa d
003 - CONTROL NUMBER IDENTIFIER
control field AR-UNSa-BCEJYS
040 ## - CATALOGING SOURCE
Original cataloging agency AR-UNSa-BCEJYS
Language of cataloging spa
Transcribing agency AR-UNSa-BCEJYS
080 ## - UNIVERSAL DECIMAL CLASSIFICATION NUMBER
Universal Decimal Classification number 378
Common auxiliary subdivision Enseñanza superior. Universidades. Escuelas especiales
020 ## - INTERNATIONAL STANDARD BOOK NUMBER
International Standard Book Number 978-84-9921-842-7
041 ## - LANGUAGE CODE
Language code of text/sound track or separate title spa
100 1# - MAIN ENTRY--PERSONAL NAME
Personal name Medina Moya, José Luis
245 10 - TITLE STATEMENT
Title La docencia universitaria mediante el enfoque del aula invertida
264 #1 - PRODUCTION, PUBLICATION, DISTRIBUTION, MANUFACTURE, AND COPYRIGHT NOTICE
Place of production, publication, distribution, manufacture Barcelona :
Name of producer, publisher, distributor, manufacturer Ediciones Octaedro
Date of production, publication, distribution, manufacture, or copyright notice 2016
300 ## - PHYSICAL DESCRIPTION
Extent 136 p.
Dimensions 21 cm.
505 ## - FORMATTED CONTENTS NOTE
Formatted contents note 1. Antecedentes y estrategias de aula invertida en la enseñanza universitaria / José Luis Medina - 2. Combinando la enseñanza a tiempo y la instrucción entre pares en la enseñanza de la educación para la salud / Carlota Riera - 3. Aprendizaje basado en equipos y enseñanza a tiempo en el Grado de Pedagogía / Francisco Imbernón - 4. La instrucción entre pares en la asignatura Health and disease in the movies en el Grado de Enfermería / Teresa ICART - 5. El aprendizaje basado en equipos en la formación en dirección e inspección escolar / Paulino Carnicero; Juan José González; Trinidad Mentado 6.3 La enseñanza a tiempo en los grados de Ingeniería Química e Ingeniería de los Materiales / Eliana Rangel; Jordi Badia; Montserrat Iborra - 7. El aprendizaje basado en equipos en la simulación clínica en Enfermería / Gloria Tort - 8. Combinando la enseñanza a tiempo y la intrucción entre pares en la asignatura Ensayos clínicos y farmacovigilancia / Pilar Modamio; Cecilia Lasta; Eduardo Mariño - 9. El aula invertida en la enseñanza de la inmunología en un máster / Enric Espel - 10. Enseñar con el aula invertida: algunas conclusiones / José Luis Medina.
590 ## - LOCAL NOTE (RLIN)
Local note niveau_biblio:m niveau_hierar:0
700 1# - ADDED ENTRY--PERSONAL NAME
Personal name Badia, Jordi
700 1# - ADDED ENTRY--PERSONAL NAME
Personal name Carnicero, Paulino
700 1# - ADDED ENTRY--PERSONAL NAME
Personal name Gónzalez, Juan José
700 1# - ADDED ENTRY--PERSONAL NAME
Personal name Iborra, Montserrat
700 1# - ADDED ENTRY--PERSONAL NAME
Personal name Imbernón, Francisco
700 1# - ADDED ENTRY--PERSONAL NAME
Personal name Icart, Teresa
700 1# - ADDED ENTRY--PERSONAL NAME
Personal name Lasta, Cecilia
700 1# - ADDED ENTRY--PERSONAL NAME
Personal name Mariño, Eduardo
700 1# - ADDED ENTRY--PERSONAL NAME
Personal name Medina, José Luis
700 1# - ADDED ENTRY--PERSONAL NAME
Personal name Mentado, Trinidad
700 1# - ADDED ENTRY--PERSONAL NAME
Personal name Modamio, Pilar
700 1# - ADDED ENTRY--PERSONAL NAME
Personal name Prieto, Alfredo
700 1# - ADDED ENTRY--PERSONAL NAME
Personal name Rangel, Eliana
700 1# - ADDED ENTRY--PERSONAL NAME
Personal name Riera, Carlota
700 1# - ADDED ENTRY--PERSONAL NAME
Personal name Spelt, Enric
700 1# - ADDED ENTRY--PERSONAL NAME
Personal name Tort, Gloria
856 41 - ELECTRONIC LOCATION AND ACCESS
Uniform Resource Identifier <a href="https://www.biblioeco.unsa.edu.ar/pmb/images/libros/L128143.jpg">https://www.biblioeco.unsa.edu.ar/pmb/images/libros/L128143.jpg</a>
Link text Imagen de portada
Electronic format type image/jpeg
942 ## - ADDED ENTRY ELEMENTS (KOHA)
Koha item type
Existencias
Withdrawn status Lost status Damaged status Not for loan Home library Current library Shelving location Date acquired Total checkouts Full call number Barcode Date last seen Price effective from Koha item type
        Biblioteca Prof. Eusebio Cleto del Rey Biblioteca Prof. Eusebio Cleto del Rey   07/04/2026   P378 M491 L128143 07/04/2026 07/04/2026 Libro